| 000 | 00953aam a2200313 i 4500 | ||
|---|---|---|---|
| 001 | 768714001 | ||
| 003 | CO-MdFUSB | ||
| 005 | 20250905162238.0 | ||
| 007 | ta | ||
| 008 | 200517t1994 enka|||| |||| 00| 0 eng d | ||
| 020 | _a0225667045 | ||
| 040 |
_bspa. _aCO-MdFUSB _cCO-MdFUSB _dCO-MdFUSBC _erda |
||
| 041 | _aeng | ||
| 082 |
_223 _a238.2 _bC357 |
||
| 245 | 1 | 0 |
_aCatechism of the catholic church _c/ |
| 264 | 1 |
_aLondres : _bCassell, _c[1994] |
|
| 264 | 4 | _c© 1994 | |
| 300 |
_axix, 691 páginas _c; 23 cm |
||
| 336 |
_atexto _btxt _2rdacontent |
||
| 337 |
_2rdamedia _asin mediación _bn |
||
| 338 |
_2rdacarrier _avolumen _bnc |
||
| 505 | _aLa constitución apostólica - La profesión de la fe - La celebración del misterio cristiano - La vida en Cristo - La oración cristiana | ||
| 563 | _aRústica | ||
| 610 | 2 | 7 |
_aIglesia Católica _xCredo. |
| 650 | 0 |
_9954 _aNorma de fe |
|
| 942 | _cBK | ||
| 945 | _aJTF-925 | ||
| 999 |
_c46070 _d46070 |
||